| 000 | 00337nam a22001457a 4500 | ||
|---|---|---|---|
| 020 | _qHB. | ||
| 040 | _cFIZZA ISHAQ | ||
| 082 |
_a020.15136 _bMUN |
||
| 100 |
_aBUDHU MUNI. _989077 |
||
| 245 |
_aSOIL MECHANICS FOUNDATIONS / _cMUNI BUDHU. |
||
| 250 | _a2ndED | ||
| 260 |
_aMC GRAW HILL ; _c2007 |
||
| 300 | _a634 P. ; | ||
| 942 |
_2ddc _cBK |
||
| 999 |
_c587917 _d587917 |
||